Central Library OPAC University of Rajshahi

The determination of crystal structures / (Record no. 73807)

MARC details
000 -LEADER
fixed length control field 00865nam a2200277 a 4500
001 - CONTROL NUMBER
control field 73807
003 - CONTROL NUMBER IDENTIFIER
rucl marc code BD-RjUL
005 - DATE AND TIME OF LATEST TRANSACTION
control field 20211209082441.0
008 - FIXED-LENGTH DATA ELEMENTS--GENERAL INFORMATION
fixed length control field 170612s1966 enk 001 0 eng d
035 ## - SYSTEM CONTROL NUMBER
System control number (BD-RjUL)74025
040 ## - CATALOGING SOURCE
Original cataloging agency AU@
Language of cataloging eng
Transcribing agency AU@
Modifying agency BD-RjUL
041 ## - LANGUAGE CODE
Language code of text/sound track or separate title eng
082 04 - DEWEY DECIMAL CLASSIFICATION NUMBER
Classification number 548.83
Edition number 23
Author mark and year LID 1966
100 1# - MAIN ENTRY--PERSONAL NAME
Personal name Lipson, H.
Fuller form of name (Henry),
Dates associated with a name 1910-
9 (RLIN) 218540
245 14 - TITLE STATEMENT
Title The determination of crystal structures /
Statement of responsibility, etc. H. Lipson and W. Cochran.
250 ## - EDITION STATEMENT
Edition statement 3rd rev. & enl. ed.
260 ## - PUBLICATION, DISTRIBUTION, ETC. (IMPRINT)
Place of publication, distribution, etc. London :
Name of publisher, distributor, etc. G. Bell & Sons,
Date of publication, distribution, etc. 1966
300 ## - PHYSICAL DESCRIPTION
Pagination viii, 414 p. ;
Size 23 cm.
490 ## - SERIES STATEMENT
Series statement Crystalline state ;
Volume/sequential designation v. 3
500 ## - GENERAL NOTE
General note Includes index.
650 #0 - SUBJECT ADDED ENTRY--TOPICAL TERM
Topical term or geographic name as entry element Crystallography.
9 (RLIN) 218541
700 1# - ADDED ENTRY--PERSONAL NAME
Personal name Bragg, William Lawrence,
Dates associated with a name 1890-1971.
Personal name Cochran, W.
Fuller form of name (William)
830 #0 - SERIES ADDED ENTRY--UNIFORM TITLE
Uniform title Crystalline state ;
Volume number/sequential designation v. 3
942 ## - ADDED ENTRY ELEMENTS (KOHA)
Source of classification or shelving scheme Dewey Decimal Classification
Koha item type Books
Holdings
Lost status Source of classification or shelving scheme Damaged status Not for loan Collection code Permanent Location Current Location Shelving location Date acquired Source of acquisition Cost, normal purchase price Total Checkouts Full call number Date last seen Copy number Koha item type
  Dewey Decimal Classification   Not For Loan Non-fiction Central Library, University of Rajshahi Central Library, University of Rajshahi Reading Room 25/04/1968 Zeitlinger 90.00   548.83 LID 1966 12/06/2017 C-1 Books